| 000 | 00876nam a2200253 i 4500 | ||
|---|---|---|---|
| 001 | 93013 | ||
| 003 | ES-MaACL | ||
| 005 | 20230906181116.0 | ||
| 007 | t| | ||
| 008 | 050406s1981 mx ||||1| spa d | ||
| 020 | _a968-16-0672-8 | ||
| 100 | 1 |
_aLocke, John. _973046 |
|
| 245 | 1 | 0 |
_aLocke y el entendimiento humano _b: ensayos escogidos / _cJohn Locke; compilador I. C. Tipton; [traducción de Jorge Ferreiro Santana]. |
| 250 | _a[1ª ed. en español]. | ||
| 260 |
_aMéxico : _bFondo de Cultura Económica, _c1981. |
||
| 300 |
_a306 p. ; _c18 cm. |
||
| 490 | 1 |
_aBreviarios del Fondo de Cultura Económica ; _v298 |
|
| 504 | _aBibliografía. | ||
| 700 | 1 |
_aTipton, I. C. _9110321 |
|
| 700 | 1 |
_aFerreiro Santana, Jorge. _950400 |
|
| 830 | 0 |
_aBreviarios del Fondo de Cultura Económica ; _v298 _9179682 |
|
| 852 |
_aES-MaACL _jL-8413 _bR.109111 |
||
| 999 |
_c93013 _d93013 |
||